000 00589nam a22001817a 4500
999 _c181560
_d181560
005 20210923121508.0
010 _aENG-130004
020 _a9789353887421
_c1350.00
035 _a EN-113486
037 _bDBAD/PUB
082 _a370.954
245 _aEducation in India:
_cedited by Jandhyala B.G.Tilak
_bPolicy and practice/
260 _bSage
_aIndia
_c2021
270 _bNew Delhi
_e110044
_aB1/1-1,Mohan Cooperative industrial Area Mathura road Post Bag 7
300 _axxxii,364p.
_c25cm(hbk)
700 _aTilak, Jandhyala B.G.
942 _2ddc
_cEN
_h370.954
_mEDU